Carbohydrate distribution at trunk level of Hevea brasiliensis (Record no. 55086)

MARC details
000 -LEADER
fixed length control field 00545nam a2200169Ia 4500
100 ## - MAIN ENTRY--AUTHOR NAME
Personal name Chantuma Pisamai
245 #0 - TITLE STATEMENT
Title Carbohydrate distribution at trunk level of Hevea brasiliensis
260 ## - PUBLICATION, DISTRIBUTION, ETC. (IMPRINT)
Name of publisher Preprints of Papers. International Natural Rubber Conference 13-14 November 2006, Vietnam, pp.175-182.
650 ## - SUBJECT ADDED ENTRY--TOPICAL TERM
Topical Term Carbohydrate
650 ## - SUBJECT ADDED ENTRY--TOPICAL TERM
Topical Term Metabolic activity
650 ## - SUBJECT ADDED ENTRY--TOPICAL TERM
Topical Term Sucrose content
650 ## - SUBJECT ADDED ENTRY--TOPICAL TERM
Topical Term Tapping systems
700 ## - ADDED ENTRY--PERSONAL NAME
Personal name Gohet Eric
700 ## - ADDED ENTRY--PERSONAL NAME
Personal name Thaler Phillipe
942 ## - ADDED ENTRY ELEMENTS (KOHA)
Koha item type Journals
Holdings
Withdrawn status Lost status Damaged status Not for loan Home library Current library Shelving location Date acquired Koha item type
      Journals RRII Library RRII Library Plant physiology 01/01/2021 Journals